Responses for Show #6055 - Friday, December 31, 2010

Contestants

[<< previous game]

Lyn Thomas, a library assistant from Redmond, Washington

Allysen Meijer, a patient financial counselor from Santa Barbara, California

Ellen Kimmel, a school nurse from Nanuet, New York (whose 2-day cash winnings total $37,000)

[next game >>]

Jeopardy! Round responses

A YEAR ENDING IN 0
DOUBLE VOWELS
WINE FROM WHERE?
ELEMENT-ARY SCHOOL
THE COMPANY HE KEPT
COUNTING DOWN TO "MIDNIGHT"
    $200 19
1940

Allysen
    $200 7
skiing

Ellen
    $200 22
Ontario

Lyn
    $200 4
hydrogen

Lyn
    $200 14
AOL

Allysen
    $200 1
"After Midnight"

Allysen
    $400 20
1960

Lyn
    $400 10
(Ellen: What are cheroots?)

coffee

Ellen
Triple Stumper
    $400 5
Transylvania

Triple Stumper
    $400 27
90

Triple Stumper
    $400 15
Enron

Ellen
    $400 2
(Ellen: What is "Midnight Hour"? "Wait Til"--what is "Wait Til The Midnight Hour"?)

"In The Midnight Hour"

Ellen
Triple Stumper
    $600 21
1920

Triple Stumper
    $600 11
Oompa Loompas

Allysen
    $600 6
(Lyn: [Without ringing in] What is Georgia?)
(Alex: No, you have to ring in.)
(Lyn: Oh, sorry.)
[Lyn rings in.]
(Lyn: What is Georgia?)
(Alex: Sorry, wrong.)
[Laughter]

Russia

Lyn
Triple Stumper
    $600 28
(Ellen: What is pewter?)

bronze

EllenAllysen
    $600 16
Kraft

Lyn
    $600 3
(Allysen: What is Midnight Oil?)

Dexys Midnight Runners

Allysen
Triple Stumper
    $800 25
1980

Ellen
    $800 12
papoose

Lyn
    $800 23
(Lyn: What is Jordan?)

Lebanon

Lyn
Triple Stumper
    $800 29
(Ellen: What is plutonium?)

neptunium

Ellen
Triple Stumper
    $800 17
General Motors

Ellen
    $800 8
"Midnight At The Oasis"

Ellen
    $2,000 26
1900

Ellen
    $1000 13
Afrikaans

Allysen
    $1000 24
Uruguay

Lyn
    $1000 30
(Ellen: What is neon?)

phosphorus

Ellen
Triple Stumper
    $1000 18
CBS

Ellen
    $1000 9
Midnight Oil

Triple Stumper

Scores at the first commercial break (after clue 12):

Ellen Allysen Lyn
$200 $200 $400

Scores at the end of the Jeopardy! Round:

Ellen Allysen Lyn
$2,800 $2,200 $1,800

Double Jeopardy! Round responses

SCULPTORS
WATCH "ING" THE MOVIES
AIX-LA-CHAPELLE'S SHOW
LOST
NOT JUST AN AD WRITER
WORDS IN EUROPEAN COUNTRIES
(Alex: And in that category, the clue will lead you to a country, and the correct response will be part of the name of that country.)
    $400 20
(Edgar) Degas

Allysen
    $400 11
Trading Places

Allysen
    $400 27
(Lyn: What is Belgium?)

Germany

Lyn
Triple Stumper
    $400 16
Davy Jones

Allysen
    $400 5
(Joseph) Heller

Allysen
    $400 1
inland (from Finland)

Allysen
    $800 21
Jesus

Ellen
    $800 2
Leaving Las Vegas

Allysen
    $800 28
Sweden

Triple Stumper
    $800 17
a Saint Bernard

Ellen
    $800 12
F. Scott Fitzgerald

Ellen
    $800 6
pain (from Spain)

Allysen
    $1200 23
a pedestal

Allysen
    $1200 3
Working Girl

Lyn
    $1200 26
Madras

Ellen
    $1200 18
St. Jude

Lyn
    $1200 13
Ogden Nash

Ellen
    $1200 7
many (from Germany)

Allysen
    $1600 24
nymphs

Allysen
    $1600 4
Looking for Mr. Goodbar

Ellen
    $1,300 19
lost generation

Lyn
    $1600 14
Salman Rushdie

Triple Stumper
    $1600 8
(Allysen: What is hunger?)

mania (from Romania)

Allysen
Triple Stumper
    $2000 25
(Alex: And his name is [*].)

Alberto Giacometti

Triple Stumper
    $2000 10
(Ellen: What is Woodstock?)
...
(Alex: You were on the right track, of course, but the movie is [*].)

Taking Woodstock

Ellen
Triple Stumper
    $2000 22
Love's Labour's Lost

Lyn
    $2000 15
(Robert B.) Parker

Allysen
    $2000 9
love (from Slovenia)

Triple Stumper

Scores at the end of the Double Jeopardy! Round:

Ellen Allysen Lyn
$7,200 $10,200 $7,100

[wagering suggestions for these scores]

Final Jeopardy! Round responses

POLITICAL TERMS
LynWhat are grass roots?
$6,000
EllenWhat are the grapes of wrath?
$3,000
AllysenWhat are
$4,201
grass roots

Final scores:

Ellen Allysen Lyn
$4,200 $5,999 $13,100
3rd place: $1,000 2nd place: $2,000 New champion: $13,100

Game dynamics:

Coryat scores:

Ellen Allysen Lyn
$6,200 $10,200 $7,400
13 R
(including 1 DD),
6 W
17 R,
2 W
10 R
(including 1 DD),
3 W

Combined Coryat: $23,800

[game clues] [game scores] [suggest correction]

Game tape date: 2010-09-22
The J! Archive is created by fans, for fans. Scraping, republication, monetization, and malicious use prohibited; this site may use cookies and collect identifying information. See terms. The Jeopardy! game show and all elements thereof, including but not limited to copyright and trademark thereto, are the property of Jeopardy Productions, Inc. and are protected under law. This website is not affiliated with, sponsored by, or operated by Jeopardy Productions, Inc. Join the discussion at JBoard.tv.